Statistics for Top 15 Celebrities Born In 2004

Click here to take the quiz!

General Stats

  • This quiz has been taken 102 times
    (80 since last reset)
  • The average score is 4 of 14

Answer Stats

Answer% Correct
Millie Bobby Brown
84%
Charli D'Amelio
75%
Noah Schnapp
66%
Mackenzie Ziegler
47%
Jules LeBlanc
30%
Lebron James Jr
22%
Sienna Mae Gomez/ Sienna Mae
16%
Casey Simpson
11%
Addison Riecke
10%
Sofia Wylie
10%
Mikey Williams
7%
Louise Windsor
5%
Peyton Elizabeth Lee
4%
Peyton Kennedy
0%

Score Distribution

Percentile by Number Answered

Percent of People with Each Score

Your Score History

You have not taken this quiz since the last reset